Online
Catalog

La nueva tierra : (Record no. 20459)

MARC details
000 -CABECERA
campo de control de longitud fija 01093nam a2200265 a 4500
001 - NÚMERO DE CONTROL
campo de control 000020956
005 - FECHA Y HORA DE LA ÚLTIMA TRANSACCIÓN
campo de control 20250616101727.0
008 - DATOS DE LONGITUD FIJA--INFORMACIÓN GENERAL
campo de control de longitud fija 100824s1963 ag r 000 0 spa d
040 ## - FUENTE DE LA CATALOGACIÓN
Centro catalogador/agencia de origen DO-SdBNP
Lengua de catalogación spa
Centro/agencia transcriptor BNPHU
041 17 - CÓDIGO DE LENGUA
Código de lengua del texto/banda sonora o título independiente spa
Código de lengua original ger
Fuente del código Código de idioma MARC
082 ## - NÚMERO DE LA CLASIFICACIÓN DECIMAL DEWEY
Número de clasificación 215
Número de documento/Ítem L598n
049 ## - FONDOS LOCALES (OCLC)
Fondos de biblioteca BNGR
100 1# - ENTRADA PRINCIPAL--NOMBRE DE PERSONA
Nombre de persona Leep, Ignace,
Fechas asociadas al nombre 1909-1966
9 (RLIN) 43889
240 10 - TÍTULO UNIFORME
Título uniforme Die neue erde : teilhard de chardin und das christentum in der modernen welt.
Lenguaje de la obra Español.
245 13 - MENCIÓN DE TÍTULO
Título La nueva tierra :
Resto del título Teilhard de Chardin y el cristianismo en el mundo moderno /
Mención de responsabilidad, etc. Ignace Lepp ; traducción por Justo Molina.
260 ## - PUBLICACIÓN, DISTRIBUCIÓN, ETC.
Lugar de publicación, distribución, etc. Buenos Aires, (Argentina); :
Nombre del editor, distribuidor, etc. Ediciones Carlos Lohlé,
Fecha de publicación, distribución, etc. 1963.
300 ## - DESCRIPCIÓN FÍSICA
Extensión 196, [1] p. ;
Dimensiones 20 cm.
504 ## - NOTA DE BIBLIOGRAFÍA, ETC.
Nota de bibliografía, etc. Incluye referencias bibliográficas
504 ## - NOTA DE BIBLIOGRAFÍA, ETC.
Nota de bibliografía, etc. Incluye notas al pie de las páginas.
534 ## - NOTA SOBRE LA VERSIÓN ORIGINAL
Frase introductoria Título original en alemán:
Mención de título del original Die neue erde : teilhard de chardin und das christentum in der modernen welt.
650 #0 - PUNTO DE ACCESO ADICIONAL DE MATERIA--TÉRMINO DE MATERIA
Término de materia o nombre geográfico como elemento de entrada Religión y ciencia
9 (RLIN) 7388
650 #4 - PUNTO DE ACCESO ADICIONAL DE MATERIA--TÉRMINO DE MATERIA
Término de materia o nombre geográfico como elemento de entrada Filosofía cristiana
9 (RLIN) 390
650 #0 - PUNTO DE ACCESO ADICIONAL DE MATERIA--TÉRMINO DE MATERIA
Término de materia o nombre geográfico como elemento de entrada Cristianismo
9 (RLIN) 885
700 1# - PUNTO DE ACCESO ADICIONAL--NOMBRE DE PERSONA
Nombre de persona Molina, Justo,
Término indicativo de función/relación tr.
9 (RLIN) 43890
Holdings
Estado de retiro Estado de pérdida Restricciones de uso No para préstamo Código de colección Localización permanente Ubicación/localización actual Ubicación en estantería Fecha de adquisición Número de inventario Total de préstamos Signatura topográfica completa Código de barras Fecha visto por última vez Precio válido a partir de Tipo de ítem Koha
        Monografías: Libros y Folletos General General En catalogación 24.08.2010 LF1   215 L598n 20956-10 25.06.2020 25.06.2020 Préstamo en sala

Powered by Koha